Perils of the peaceful atom
Zapisane w:
| 1. autor: | |
|---|---|
| Format: | Książka |
| Język: | Undetermined |
| Wydane: |
New York
Ballantine book
1969
|
| Hasła przedmiotowe: | |
| Etykiety: |
Dodaj etykietę
Nie ma etykietki, Dołącz pierwszą etykiete!
|
| Thư viện lưu trữ: | Trung tâm Học liệu Trường Đại học Cần Thơ |
|---|
| LEADER | 00487nam a2200181Ia 4500 | ||
|---|---|---|---|
| 001 | CTU_81465 | ||
| 008 | 210402s9999 xx 000 0 und d | ||
| 082 | |a 614 | ||
| 082 | |b C978 | ||
| 100 | |a Curtis, Richard | ||
| 245 | 0 | |a Perils of the peaceful atom | |
| 245 | 0 | |c Richard Curtis | |
| 260 | |a New York | ||
| 260 | |b Ballantine book | ||
| 260 | |c 1969 | ||
| 650 | |a Nuclear industry,Nuclear power | ||
| 904 | |i Trọng Hải | ||
| 980 | |a Trung tâm Học liệu Trường Đại học Cần Thơ | ||